| 000 | 01332nam a2200301 a 4500 | ||
|---|---|---|---|
| 003 | PILC | ||
| 005 | 20160223075246.0 | ||
| 008 | 120920s19uu xx 00 eng d | ||
| 020 | _a9781412940672 | ||
| 050 |
_aE 184.A1 _b.H415 2007 |
||
| 100 | _aHealey, Joseph F. | ||
| 245 |
_aDiversity and society : _brace, ethnicity, and gender / _cJoseph F. Healey. |
||
| 250 | _a2nd edition. | ||
| 260 |
_aThousand Oaks, Calif : _bPine Forge Press, _c2007. |
||
| 300 |
_a362 pages : _c24 cm. _billustrations ; |
||
| 500 | _aIncludes bibliographical references and index. | ||
| 520 | _aUses sociological theory to present and analyze the experiences of American minority groups as well as group relations around the globe. Derived from the Third Edition of "Race, Ethnicity, Gender, and Class", it presents a macro-sociological, historical, comparative approach and de-emphasizes social-psychological concepts such as prejudice. | ||
| 650 |
_aMinorities _xUnited States. |
||
| 650 |
_aEthnicity _xUnited States. |
||
| 650 |
_aRacism _xUnited States. |
||
| 650 |
_aGroup identity _xUnited States. |
||
| 650 |
_aSocial conflict _xUnited States. |
||
| 650 |
_aUnited States _xRace relations. |
||
| 650 |
_aUnited States _xEthnic relations. |
||
| 650 |
_aUnited States _xSocial conditions. |
||
| 942 |
_cBK _2lcc _kFOR |
||
| 999 |
_c22199 _d22199 |
||